000 00476nam a2200181Ia 4500
001 1771
005 20260306143753.0
008 260306t2016||||xx |||||||||||||| ||spa||
041 _aESP
082 _a155.4
_bD75
100 _aDíez Navarro, Mari Carmen
_eAUT
245 0 _aLos trastornos infantiles:
_bguía de acompañamiento familiar y profesional
260 _c2016
300 _a201 páginas :
_c21 cm.
650 _aGEN
654 _aCPS
942 _cLIB
_dJUS
_fJUS
_2ddc
_n
999 _c1771
_d1771